Т. 24 : Материалы к изучению углей Оленекского района; Труды Научно-исследовательского института геологии Арктики

Manylion Llyfryddiaeth
Parent link:Труды Научно-исследовательского института геологии Арктики: [сборник трудов]/ Научно-исследовательский институт геологии Арктики (НИИГА). Т. 24 : Материалы к изучению углей Оленекского района.— , 1950-
Awduron Eraill: Лобанов М. Ф. (редактор)
Iaith:Rwseg
Cyhoeddwyd: 1951
Pynciau:
Fformat: Llyfr
KOHA link:https://koha.lib.tpu.ru/cgi-bin/koha/opac-detail.pl?biblionumber=353137

MARC

LEADER 00000nam2a2200000 4500
001 353137
005 20231102010550.0
035 |a (RuTPU)RU\TPU\retro\10193 
035 |a RU\TPU\retro\10183 
090 |a 353137 
100 |a 20200311d1951 k y0rusy50 ca 
101 0 |a rus 
102 |a RU 
105 |a a z 001zy 
200 0 |a Т. 24 : Материалы к изучению углей Оленекского района  |f под ред. М. Ф. Лобанова 
210 |d 1951 
215 |a 52 с.  |c ил. 
320 |a Библиогр. в конце ст. 
461 1 |0 (RuTPU)RU\TPU\retro\9371  |t Труды Научно-исследовательского института геологии Арктики  |o [сборник трудов]  |f Научно-исследовательский институт геологии Арктики (НИИГА)  |v Т. 24 : Материалы к изучению углей Оленекского района  |d 1950-  
606 1 |a Геология  |y Арктика  |2 stltpush  |3 (RuTPU)RU\TPU\subj\6099  |9 34058 
610 1 |a угленосные отложения 
610 1 |a петрография 
610 1 |a Оленекское месторождение 
610 1 |a Чарчыкское месторождение 
675 |a 55(98)  |v 3 
702 1 |a Лобанов  |b М. Ф.  |4 340 
801 1 |a RU  |b 63413507  |c 20141121 
801 2 |a RU  |b 63413507  |c 20200311  |g RCR 
942 |c BK